The end times (Record no. 9698)

MARC details
000 -LEADER
fixed length control field 00570cam a2200217 4500
001 - CONTROL NUMBER
control field 106052
003 - CONTROL NUMBER IDENTIFIER
control field OCoLC
005 - DATE AND TIME OF LATEST TRANSACTION
control field 20241126110717.0
008 - FIXED-LENGTH DATA ELEMENTS--GENERAL INFORMATION
fixed length control field 701216s1969 ilu b 001 0 eng
010 ## -
-- 79013504
020 ## - INTERNATIONAL STANDARD BOOK NUMBER
International Standard Book Number 9780884690771
040 ## - CATALOGING SOURCE
Original cataloging agency DLC
Transcribing agency DLC
Modifying agency SER
082 ## - DEWEY DECIMAL CLASSIFICATION NUMBER
Classification number 236
Item number HOY
092 ## - LOCALLY ASSIGNED DEWEY CALL NUMBER (OCLC)
Classification number 236
Item number H868E
100 1# - MAIN ENTRY--PERSONAL NAME
Personal name Hoyt, Herman Arthur,
Dates associated with a name 1909-
9 (RLIN) 16856
245 14 - TITLE STATEMENT
Title The end times
Statement of responsibility, etc. [by] Herman A. Hoyt
260 ## - PUBLICATION, DISTRIBUTION, ETC.
Place of publication, distribution, etc. Winona Lake :
Name of publisher, distributor, etc. BMH books,
Date of publication, distribution, etc. 2012
300 ## - PHYSICAL DESCRIPTION
Extent 256 p.
Dimensions 23 cm
650 #0 - SUBJECT ADDED ENTRY--TOPICAL TERM
Topical term or geographic name entry element Eschatology
General subdivision Biblical teaching
9 (RLIN) 2327
942 ## - ADDED ENTRY ELEMENTS (KOHA)
Source of classification or shelving scheme Dewey Decimal Classification
Koha item type Books
Koha issues (borrowed), all copies 5
Holdings
Withdrawn status Lost status Source of classification or shelving scheme Damaged status Not for loan Home library Current Library Shelving location Date acquired Total checkouts Full call number Barcode Date last seen Date last checked out Copy number Price effective from Koha item type
    Dewey Decimal Classification     GRACE BIBLE COLLEGE GRACE BIBLE COLLEGE Theology 2023-05-03 7 236 HOY 016217 2026-03-02 2026-02-26 c.1 2023-05-03 Books
© Grace Bible College Library 2025